| 000 | 00722nam a2200229Ia 4500 | ||
|---|---|---|---|
| 005 | 20220316235721.0 | ||
| 008 | 121119s2000 sp gr 000 h spa | ||
| 020 | _a8484610071 | ||
| 041 | 0 | _aspa | |
| 082 | 0 | 4 |
_a808.882 _bM24 |
| 245 | 0 | 4 |
_aLos mejores chistes escolares _cselección y presentación de J. L. Salmer |
| 250 | _aPrimera edición | ||
| 300 |
_a158 páginas _c18 cm |
||
| 650 | 1 | 4 |
_aAnécdotas, chistes, sátiras, etc. _2LEMB |
| 700 | 1 |
_aSalmer, J. L. _ecompilador _933615 |
|
| 942 |
_2ddc _cBK |
||
| 264 |
_aBarcelona _bEdicomunicación _c2000 |
||
| 336 |
_atexto _btxt _2rdacontent |
||
| 337 |
_asin mediación _bn _2rdamedia |
||
| 338 |
_avolumen _bnc _2rdacarrier |
||
| 040 |
_aCO-BoRNBP _bspa _erda _cCO-BoRNBP |
||
| 999 |
_c1933 _d1933 |
||